000 00292nam a22001337a 4500
008 170313b xxu||||| |||| 00| 0 eng d
020 _a 013541526
041 _aeng
080 _a591
100 _a7
101 _aSHM
245 _aVENOMOUS ANIMALS OF THE WORLD
_cHAT,MAN.H
942 _2udc
_cBK
999 _c7631
_d7631